| 000 | 00973nas a2200265 i 4500 | ||
|---|---|---|---|
| 001 | 253393 | ||
| 005 | 20260127141831.0 | ||
| 007 | ta | ||
| 008 | 260122e1948 dr m p|co || |ospa || | | ||
| 011 | _a | ||
| 040 |
_aDO-SdBNP _bspa _cDO-SdBNP _erda |
||
| 041 | _hspa | ||
| 245 | _aCuadernos Dominicanos de Cultura. | ||
| 264 |
_aCiudad Trujillo, República Dominicana : _b[Editor no identificado], _c1948. |
||
| 300 |
_avolumen : _bilustraciones ; _c21.5 cm. |
||
| 310 | _aMensual. | ||
| 336 |
_atexto _btxt _2rdacontent |
||
| 337 |
_asin mediación _bn _2rdamedia |
||
| 338 |
_avolumen _bnc _2rdacarrier |
||
| 362 | _aAño 5. Vol 5. Número 60. agosto 1948. | ||
| 500 | _aAcogida por la Franquicia Postal Interna de acuerdo con Resolución del Departamento de Comunicaciones. | ||
| 650 |
_99332 _aCultura _vPublicaciones periódicas _zRepública Dominicana |
||
| 650 | 0 |
_aLiteratura dominicana _91994 _vPublicaciones periódicas |
|
| 942 |
_2ddc _cISSUE |
||
| 999 |
_c60132 _d60132 |
||